000 00986nam a22002177a 4500
005 20210325191031.0
008 s2530 th tha d
041 _atha
090 _aว JQ1746.Z13.C6 ช382ก 2530
100 0 _aชัยเชต สุนทรพิพิธ
245 1 0 _aการขจัดการทุจริตและประพฤติมิชอบในวงราชการเพื่อความมั่นคงแห่งชาติ
260 3 _aกรุงเทพฯ :
_bวิทยาลัยป้องกันราชอาณาจักร,
_c2530
300 _a72 หน้า ;
_b 28 ซม.
650 0 4 _aคอรัปชั่น
650 0 4 _aการทุจริตและประพฤติมิชอบในวงราชการ
650 0 4 _aป.ป.ป.
850 _aNALT
942 _cRSH
997 _c000000000027216
_kVC
998 _aNISA LUANGTONGKUM
999 _c27216
_d27216